|
|
|
|
| LEADER |
00000nam0a2200000 4500 |
| 001 |
328190 |
| 005 |
20231102004033.0 |
| 035 |
|
|
|a (RuTPU)RU\TPU\book\353890
|
| 090 |
|
|
|a 328190
|
| 100 |
|
|
|a 20170213d1948 m y0rusy50 ca
|
| 101 |
0 |
|
|a rus
|
| 102 |
|
|
|a RU
|
| 105 |
|
|
|a a z 001zd
|
| 200 |
1 |
|
|a И. Е. Репин и В. В. Стасов. Переписка (1871-1876)
|h Ч. 1
|
| 210 |
|
|
|a Москва
|a Ленинград
|c Искусство
|d 1948
|
| 215 |
|
|
|a 267 с.
|c ил.
|
| 225 |
1 |
|
|a Письма И. Е. Репина
|
| 600 |
|
1 |
|a Репин
|b И. Е.
|c русский живописец
|f 1844-1930
|g Илья Ефимович
|2 stltpush
|3 (RuTPU)RU\TPU\pers\10848
|9 2394
|
| 600 |
|
1 |
|a Стасов
|b В. В.
|c российский художественный и музыкальный критик
|c историк искусства
|f 1824-1906
|g Владимир Васильевич
|c археолог
|c библиофил
|2 stltpush
|3 (RuTPU)RU\TPU\pers\13357
|
| 606 |
1 |
|
|a Живописцы
|2 stltpush
|3 (RuTPU)RU\TPU\subj\10834
|9 37852
|
| 610 |
1 |
|
|a письма
|
| 610 |
1 |
|
|a переписка
|
| 610 |
1 |
|
|a 19 век
|
| 610 |
1 |
|
|a Россия
|
| 675 |
|
|
|a 75.071
|v 4
|
| 702 |
|
1 |
|a Лебедев
|b А. К.
|4 340
|
| 801 |
|
1 |
|a RU
|b 63413507
|c 20170213
|
| 801 |
|
2 |
|a RU
|b 63413507
|c 20201001
|g RCR
|
| 942 |
|
|
|c BK
|